Franchising in India / (Record no. 126855)
[ view plain ]
| 000 -LEADER | |
|---|---|
| fixed length control field | 00743nam a22002417a 4500 |
| 005 - DATE AND TIME OF LATEST TRANSACTION | |
| control field | 20170124110016.0 |
| 010 ## - LIBRARY OF CONGRESS CONTROL NUMBER | |
| LC control number | A-950228 |
| 020 ## - INTERNATIONAL STANDARD BOOK NUMBER | |
| Terms of availability | 350.00 |
| International Standard Book Number | 8171770975 |
| 035 ## - SYSTEM CONTROL NUMBER | |
| System control number | A-950228 |
| 037 ## - SOURCE OF ACQUISITION | |
| Source of stock number/acquisition | Cen Lib/Ret |
| 040 ## - CATALOGING SOURCE | |
| Original cataloging agency | DPL |
| Language of cataloging | EN |
| 082 ## - DEWEY DECIMAL CLASSIFICATION NUMBER | |
| Classification number | 346.048 |
| Item number | ABE |
| 100 ## - MAIN ENTRY--PERSONAL NAME | |
| Personal name | Abell, Mark |
| 9 (RLIN) | 18665 |
| 245 ## - TITLE STATEMENT | |
| Title | Franchising in India / |
| Statement of responsibility, etc | by Mark Abell [and] Lisa Sen |
| 260 ## - PUBLICATION, DISTRIBUTION, ETC. (IMPRINT) | |
| Place of publication, distribution, etc | Calcutta |
| Name of publisher, distributor, etc | Eastern Law House |
| Date of publication, distribution, etc | 1998 |
| 270 ## - ADDRESS | |
| Address | 54 Ganesh Chunder Avenue |
| City | Calcutta |
| Postal code | 700013 |
| 300 ## - PHYSICAL DESCRIPTION | |
| Extent | 352p. |
| Dimensions | 21cm(Hb) |
| 500 ## - GENERAL NOTE | |
| General note | Includes index |
| 650 ## - SUBJECT ADDED ENTRY--TOPICAL TERM | |
| Topical term or geographic name as entry element | Franchises (Retail trade) |
| 9 (RLIN) | 18666 |
| 650 ## - SUBJECT ADDED ENTRY--TOPICAL TERM | |
| Topical term or geographic name as entry element | Franchises (Retail trade)--Law and legislation |
| 9 (RLIN) | 18667 |
| 700 ## - ADDED ENTRY--PERSONAL NAME | |
| Personal name | Sen, Lisa |
| 9 (RLIN) | 18668 |
| 942 ## - ADDED ENTRY ELEMENTS (KOHA) | |
| Source of classification or shelving scheme | Dewey Decimal Classification |
| Koha item type | English Books |
| Classification part | 346.048 |
| Call number suffix | ABE |
| Withdrawn status | Lost status | Damaged status | Not for loan | Home library | Current library | Date acquired | Source of acquisition | Cost, normal purchase price | Total Checkouts | Total Renewals | Full call number | Barcode | Date last seen | Date checked out | Copy number | Cost, replacement price | Price effective from | Koha item type |
|---|---|---|---|---|---|---|---|---|---|---|---|---|---|---|---|---|---|---|
| Central Library | Central Library | 26/06/2015 | Cen Lib/Ret | 350.00 | 1 | 1 | 346.048 ABE | A-950228 | 28/07/2019 | 07/07/2019 | 1 | 350.00 | 26/06/2015 | English Books |
